Online
Catalog

Remesas y migraciones en República Dominicana : retos, dinámicas y perspectivas / (Record no. 56680)

MARC details
000 -CABECERA
campo de control de longitud fija 02489nam a22003977i 4500
003 - IDENTIFICADOR DEL NÚMERO DE CONTROL
campo de control DO-SdBNP
005 - FECHA Y HORA DE LA ÚLTIMA TRANSACCIÓN
campo de control 20241218100743.0
007 - CAMPO FIJO DE DESCRIPCIÓN FÍSICA--INFORMACIÓN GENERAL
campo de control de longitud fija ta
008 - DATOS DE LONGITUD FIJA--INFORMACIÓN GENERAL
campo de control de longitud fija 240516b2023 dr ad||| |||| 00| 0 spa d
020 ## - NÚMERO INTERNACIONAL ESTÁNDAR DEL LIBRO
Número Internacional Estándar del Libro 9789945942613
040 ## - FUENTE DE LA CATALOGACIÓN
Centro catalogador/agencia de origen DO-SdBNP
Lengua de catalogación spa
Centro/agencia transcriptor BNPHU
Normas de descripción rda
041 ## - CÓDIGO DE LENGUA
Código de lengua del texto/banda sonora o título independiente spa
082 04 - NÚMERO DE LA CLASIFICACIÓN DECIMAL DEWEY
Número de documento/Ítem R426r 2023
Número de edición 22
110 1# - ENTRADA PRINCIPAL--NOMBRE DE ENTIDAD CORPORATIVA
Nombre de entidad corporativa o nombre de jurisdicción como elemento de entrada República Dominicana. Ministerio de Relaciones Exteriores
Unidad subordinada Viceministerio para las Comunidades Dominicanas en el Exterior
9 (RLIN) 85484
245 10 - MENCIÓN DE TÍTULO
Título Remesas y migraciones en República Dominicana : retos, dinámicas y perspectivas /
Mención de responsabilidad, etc. autores colaboradores Pablo Asencio García, Zhamir Brito, Mario Gallego Cosme, Manuel Orozco, Bryan Vásquez ; presentación Carlos De la Mota.
250 ## - MENCIÓN DE EDICIÓN
Mención de edición Primera edición
264 #4 - PRODUCCIÓN, PUBLICACIÓN, DISTRIBUCIÓN, FABRICACIÓN Y COPYRIGHT
Producción, publicación, distribución, fabricación y copyright Santo Domingo, República Dominicana :
Nombre del de productor, editor, distribuidor, fabricante Instituto de Dominicanos y Dominicanas en el Exterior ; Ministerio de Relaciones Exteriores ; Viceministerio para las Comunidades Dominicanas en el Exterior.
Fecha de producción, publicación, distribución, fabricación o copyright ©2023.
300 ## - DESCRIPCIÓN FÍSICA
Extensión 105 páginas :
Otras características físicas ilustraciones, gráficos, tablas ;
Dimensiones 23 cm.
336 ## - TIPO DE CONTENIDO
Término de tipo de contenido texto
Código de tipo de contenido txt
Fuente rdacontent
337 ## - TIPO DE MEDIO
Nombre/término del tipo de medio sin mediación
Código del tipo de medio n
Fuente rdamedia
338 ## - TIPO DE SOPORTE
Nombre/término del tipo de soporte volumen
Código del tipo de soporte nc
Fuente rdacarrier
504 ## - NOTA DE BIBLIOGRAFÍA, ETC.
Nota de bibliografía, etc. Bibliografía: p. 96-105
505 0# - NOTA DE CONTENIDO CON FORMATO
Nota de contenido con formato Presentación --
Título Introduccción --
-- Contexto general de las emigraciones dominicanas desde 1950 hasta la actualidad /
Mención de responsabilidad Zhamir Brito --
Título Dinámica y tendencias de los flujos de remesas hacia la República Dominicana: repaso a sus principales variables caracterizadoras / <br/>
Mención de responsabilidad Bryan Vásquez –<br/>
Título El mercado de intermediación de remesas familiares de la República Dominicana /
Mención de responsabilidad Manuel Orozco
Título Migraciones y remesas: retos y desafíos para la República Dominicana /
Mención de responsabilidad Mario Gallego Cosme
Título Más allá de las remesas: experiencia y buenas prácticas de la República Dominicana en la gestión del desarrollo /
Mención de responsabilidad Mario Gallego Cosme,
-- Bryan Vásquez.
590 ## - NOTA LOCAL (RLIN)
Nota local Inventariado, 2024 /LP
650 #4 - PUNTO DE ACCESO ADICIONAL DE MATERIA--TÉRMINO DE MATERIA
Término de materia o nombre geográfico como elemento de entrada Emigración e Inmigración
Subdivisión geográfica República Dominicana
9 (RLIN) 85485
650 #4 - PUNTO DE ACCESO ADICIONAL DE MATERIA--TÉRMINO DE MATERIA
Término de materia o nombre geográfico como elemento de entrada Remesas
Subdivisión geográfica República Dominicana
9 (RLIN) 10381
650 #4 - PUNTO DE ACCESO ADICIONAL DE MATERIA--TÉRMINO DE MATERIA
Término de materia o nombre geográfico como elemento de entrada Movimiento de capitales
Subdivisión geográfica República Dominicana
9 (RLIN) 12122
650 #4 - PUNTO DE ACCESO ADICIONAL DE MATERIA--TÉRMINO DE MATERIA
Término de materia o nombre geográfico como elemento de entrada Economía
Subdivisión general Desarrollo local
9 (RLIN) 85486
700 1# - PUNTO DE ACCESO ADICIONAL--NOMBRE DE PERSONA
Nombre de persona Asencio García, Pablo,
Término indicativo de función/relación introducción
9 (RLIN) 84116
700 1# - PUNTO DE ACCESO ADICIONAL--NOMBRE DE PERSONA
Nombre de persona Mota, Carlos de la,
Término indicativo de función/relación presentación
9 (RLIN) 85490
700 1# - PUNTO DE ACCESO ADICIONAL--NOMBRE DE PERSONA
Nombre de persona Brito, Zhamir,
Término indicativo de función/relación autor
9 (RLIN) 85487
700 1# - PUNTO DE ACCESO ADICIONAL--NOMBRE DE PERSONA
Nombre de persona Gallego Cosme, Mario,
Término indicativo de función/relación autor
9 (RLIN) 84117
700 1# - PUNTO DE ACCESO ADICIONAL--NOMBRE DE PERSONA
Nombre de persona Orozco, Manuel,
Término indicativo de función/relación autor
9 (RLIN) 85488
700 1# - PUNTO DE ACCESO ADICIONAL--NOMBRE DE PERSONA
Nombre de persona Vásquez, Bryan
Término indicativo de función/relación autor
9 (RLIN) 85489
942 ## - ELEMENTOS DE PUNTO DE ACCESO ADICIONAL (KOHA)
Fuente del sistema de clasificación o colocación Dewey Decimal Classification
Tipo de ítem Koha Libro
Holdings
Estado de retiro Estado de pérdida Fuente del sistema de clasificación o colocación Restricciones de uso No para préstamo Código de colección Localización permanente Ubicación/localización actual Ubicación en estantería Fecha de adquisición Fuente de adquisición Total de préstamos Signatura topográfica completa Código de barras Fecha visto por última vez Precio válido a partir de Tipo de ítem Koha Número de copia
    Dewey Decimal Classification Excluido de préstamo   Patrimonio Dominicano Biblioteca Nacional Pedro Henríquez Ureña Biblioteca Nacional Pedro Henríquez Ureña Depósito 16.05.2024 Depósito Legal   BNPHU PD R426r 2023 2024-3000 16.05.2024 16.05.2024 Libro  
    Dewey Decimal Classification Excluido de préstamo   Patrimonio Dominicano Biblioteca Nacional Pedro Henríquez Ureña Biblioteca Nacional Pedro Henríquez Ureña Depósito 16.05.2024 Depósito Legal   BNPHU PD R426r 2023 2024-3001 16.05.2024 16.05.2024 Libro e. 2
    Dewey Decimal Classification Préstamo en sala   Dominicana de Servicio Biblioteca Nacional Pedro Henríquez Ureña Biblioteca Nacional Pedro Henríquez Ureña Depósito 16.05.2024 Depósito Legal   BNPHU DS R426r 2023 2024-3002 16.05.2024 16.05.2024 Libro e. 3

Powered by Koha